LEADER 01407nam 2200337Ia 450 001 996384809903316 005 20221108042420.0 035 $a(CKB)4940000000075390 035 $a(EEBO)2240945277 035 $a(OCoLC)12170453 035 $a(EXLCZ)994940000000075390 100 $a19850618d1643 uy | 101 0 $aeng 135 $aurbn||||a|bb| 200 10$aTwo ordinances of the Lords and Commons assembled in Parliament$b[electronic resource] $ethe one for the speedy raising and levying of money for the maintenance of the army raised by the Parliament and other great affaires of the Common-wealth : by a weekly assessment upon the cities of London and Westminster and every county and city of the Kingdome of England, and Dominion of Wales : the other an ordinance of additions to the same 210 $aLondon $cPrinted for Edw. Husbands ...$d1643 215 $a[2], 30 p 300 $aReproduction of original in Thomason Collection, British Library. 330 $aeebo-0158 606 $aTaxation$zEngland$xLaw and legislation 607 $aGreat Britain$xHistory$yCivil War, 1642-1649 615 0$aTaxation$xLaw and legislation. 801 0$bEAA 801 1$bEAA 801 2$bm/c 801 2$bUMI 801 2$bWaOLN 906 $aBOOK 912 $a996384809903316 996 $aTwo ordinances of the Lords and Commons assembled in Parliament$92299709 997 $aUNISA LEADER 01576nam0-2200337 --450 001 9910678700403321 005 20230403134215.0 010 $a978-88-94869-26-2 020 $aIT$b2018-9256 100 $a20230403d2017----kmuy0itay5050 ba 101 0 $aita$aeng 102 $aIT 105 $aa 001yy 200 1 $a<>valutazione del rischio sismico nel complesso della Galleria dell'Accademia di Firenze$eun'applicazione sperimentale delle linee guida MiBACT per la valutazione e riduzione del rischio sismico del patrimonio culturale (2009-2013)$fa cura di / edited by Giuseppe Giorgianni 210 $aFirenze$cAltralinea Edizioni$d2017 215 $a198 p.$cill.$d28 cm 225 1 $aPristina servare$v10 300 $aIn testa al frontespizio: MiBACT 300 $aTesti in italiano e inglese 510 1 $a<>evaluation of seismic risk in the complex of the Galleria dell'Accademia of Florence$ean experimental application of the MiBACT guidelines for the evaluation and reduction of seismic risk of cultural heritage (2009-2013) 610 0 $aGalleria dell'Accademia di Firenze$aRischio sismico$aValutazione 676 $a363.690945511 702 1$aGiorgianni,$bGiuseppe$f<1962- > 712 01$aItalia.$bMinistero per i beni e le attivitą culturali e del turismo 801 0$aIT$bUNINA$gREICAT$2UNIMARC 901 $aBK 912 $a9910678700403321 952 $aREST C 167$b123 bis/2023$fFARBC 959 $aFARBC 996 $aValutazione del rischio sismico nel complesso della Galleria dell'Accademia di Firenze$93081891 997 $aUNINA LEADER 01213nam a2200301 i 4500 001 991002188979707536 005 20020507161124.0 008 000427s1996 sp ||| | spa 020 $a8434416050 035 $ab11621473-39ule_inst 035 $aLE02731990$9ExL 040 $aDip.to Studi Giuridici$bita 084 $aC-XIV/D 100 1 $aNieto, Alejandro$0501521 245 14$aLos primeros pasos del Estado constitucional :$bhistoria administrativa de la Regencia de Maria Cristina de Borbon /$cAlejandro Nieto 250 $a1. ed. 260 $aBarcelona :$bAriel,$cc1996 300 $a602 p ;$c24 cm. 500 $aStoria amministrativa della Regnanza di Maria Cristina di Borbogna 650 4$aMaria Cristina, Regina, consorte di Ferdinando 7., Re di Spagna, 1806-1878 650 4$aSpagna$xPolitica e governo$y1833-1868 650 4$aSpagna$xStoria Costituzionale 907 $a.b11621473$b21-09-06$c02-07-02 912 $a991002188979707536 945 $aLE027 C-XIV/D 102$g1$iLE027-3459$lle027$o-$pE0.00$q-$rl$s- $t0$u0$v0$w0$x0$y.i11838590$z02-07-02 996 $aPrimeros pasos del Estado constitucional$9897568 997 $aUNISALENTO 998 $ale027$b01-01-00$cm$da $e-$fspa$gsp $h4$i1